Fast Food Sudden Death - Statistics

General Stats
  • This quiz has been taken 265 times
  • The average score is 11 of 11
Answers on the Grid
Answers color-coded by a green-red scale on the quiz's grid according to % correct below.
Mcdanold's
Samsung
Sony
Starbucks
KFC
Taco Bell
Jaguar
Subway
Toyota
Dunkin
Nokia
Nike
DQ
Burger King
Suzuki
Wendy's
Acer
Hyundai
Arby's
Jollibee
 
Answer Stats
Answer % Correct
KFC
99%
Taco Bell
99%
Dunkin
98%
Subway
98%
Wendy's
98%
Arby's
97%
Burger King
97%
Mcdanold's
97%
Starbucks
97%
DQ
94%
Jollibee
93%
No matching quizzes found
Score Distribution
Percent of People with Each Score
Percentile by Number Answered
Your Score History
You have not taken this quiz